000
00350nam a2200145Ia 4500
005
20250423101549.0
008
250422s9999 xx 000 0 und d
020
_a
9211044103
245
0
_a
Transnational corporations from developing coutries
260
_a
New York
260
_b
United Nations
260
_c
1993
300
_a
102 p
942
_c
BK
999
_c
36646
_d
36646